000 00909nam a2200229Ia 4500
003 OSt
005 20220923212703.0
006 a|||||r|||| 00| 0
007 ta
008 220922b |||||||| |||| 00| 0 hin d
024 _a155,269
037 _cTextual
040 _aARTS
_cARTS
_bhin
041 _2hin
_ahin
082 _aO15:1D40:3, 152K5(TTPS)
100 _aकालिदास
_9156280
245 0 _aमेधदूतम्* उत्तरमेघ पंचिका, व्या वल्लभदेव और सुबोध, भरतमल्लिक लाल अनु रमायदुपाल सिंह
246 _aMedhadūtam: uttaramegh panchikā, vyā0 vallabhadev aur subodha, bharatamallik lāl anu0 ramāyadupāl sianha
260 _c1965
942 _hO15:1D40:3, 152K5(TTPS)
_cTEXL
_2CC
999 _c310820
_d310820